Geometry Dash Quiz (Easy) - Statistics

General Stats
  • This quiz has been taken 51 times
    35 since last reset
  • The average score is 13 of 20
Answer Stats
Hint Answer % Correct
Game Developer Robtop
100%
First level in the game Stereo Madness
100%
For many the easiest Demon in GD The Nightmare
96%
Name of the revolutionary update 2.2
92%
First Demon in the game Demon Park
85%
The hardest level in 2015 Bloodbath
81%
This many years it took the developer to developer the legendary update 7
77%
Player, who is now veryfing the New hardest level - Grief Doggie
77%
Player, Who hacked slaughterhouse SpaceUK
77%
The Hardest Level now Thinking Space II
77%
The best player in GD (Pointercreate Demonlist) Zoink
77%
Player, who hacked Sonic Wave, after that he dissapered Cyclic
58%
Oldest (age) GD Player EricVanWilderman
54%
"Helper" of Robtop, He hosted a lot of levels Viprin
46%
Music Artist, who Created "Theory Of Everything" DJNate
38%
Music Artist, Who is active in the GD community BoomKitty
35%
Hacker, who in 2015 almost killed GD Anaban
27%
Challenge, which consists of 5 levels Gauntlet
27%
Challenge, which consists of 3 levels, most People hate them Map Pack
27%
Creator with the most creator points Split72
15%
No matching quizzes found
Score Distribution
Percent of People with Each Score
Percentile by Number Answered
Your Score History
You have not taken this quiz since the last reset